Karen Farringtonová: Svätá zem

Bibliographic Details
Format: Article
Language:Slovak
ISSN:1210-1982
Subjects:

MARC

LEADER 00000nab a2200000 ar4500
001 vtls009154294
003 SK-MaSNL
005 20260304013341.0
008 071029c2007 xo |r|p|||||||000 b|slo
015 |a SNBRB2007/10  |2 snkbucl 
038 |a SNKBUCL 
040 |a SNKBUCL  |b slo  |c SNKBUCL  |e AACR2 
041 0 |a slo 
044 |a xo  |c SK 
080 |a 27-9  |x (394.5)  |x (0.053.2)  |x (048)  |2 2001 
080 |a 2-276.7  |x (048)  |2 2001 
080 |a 27-9  |x (569.4)  |x (0.053.2)  |x (048)  |2 2001 
080 |a 27-23  |x (048)  |2 2001 
245 0 0 |a Karen Farringtonová: Svätá zem  |c [autor] -ab- 
630 0 7 |a Biblia  |2 snkbucl  |9 17043 
650 0 7 |a biblické dejiny  |2 snkbucl  |9 1915 
651 7 |a Palestína  |x dejiny  |2 snkbucl  |9 56272 
651 7 |a Izrael  |x dejiny  |2 snkbucl  |9 19916 
655 7 |a recenzie  |2 snkbucl  |9 21907 
773 0 |t Knižná revue  |g Roč. XVII, č. 21 (2007), s. 7  |x 1210-1982 
787 0 8 |i Rec.:  |a Farrington, Karen  |t Svätá zem  |d Bratislava : Mladé letá, 2006  |z 8010009385 
852 |a SNK  |b KIS3GCP 
958 |a RC 
999 |c 2575405  |d 2577335